000 00865nam a2200289 i 4500
001 bgj
100 1 _aKAUSCH, Michael.
245 1 0 _aKulturindustrie und Populärkultur :
_bkritische Theorie der Massenmedien /
_cMichael Kausch ; mit einer Vorbemerkung von Leo Löwenthal.
260 _aFrankfurt am Main :
_bFischer Taschenbuch Verlag,
_c1988.
300 _a334, [1] s. ;
_c19 cm.
490 1 _a[Fischer-Taschenbücher]
_v6636
504 _aBibliogr. s. 314-[335].
650 9 _aNauki społeczne
650 9 _aŚrodki masowego przekazu
650 9 _aPublicystyka
650 9 _aSocjologia
700 1 _aLÖWENTHAL, Leo.
830 _a[Fischer-Taschenbücher]
020 _a359626636X
040 _cBPK
041 0 _ager
044 _aDEU
080 _a3
920 _a3-596-26636-X
942 _cKS
008 s gw f |000 0 ger
999 _c50730
_d50730
856 _uhttp://koha.tu.koszalin.pl/cgi-bin/koha/opac-detail.pl?biblionumber=50730
_yKatalog online BPK